[Event "Gorodets Small Kitezh op"]
[Site "Gorodets"]
[Date "2015.07.30"]
[Round "3"]
[White "Kuznetsov, Stanislav"]
[Black "Obrezchikov, Mikhail"]
[Result "1-0"]
[WhiteElo "2052"]
[BlackElo "1900"]
[PlyCount "77"]
[EventDate "2015.07.29"]
[EventType "swiss"]
[EventRounds "9"]
[EventCountry "RUS"]
[SourceTitle "CBM 167 Extra"]
[Source "ChessBase"]
[SourceDate "2015.09.14"]
[SourceVersion "1"]
[SourceVersionDate "2015.09.14"]
[SourceQuality "1"]

1. c4 Nf6 2. Nc3 e6 3. e4 d6 4. d4 Nbd7 5. f4 b6 6. Nf3 Bb7 7. Bd3 e5 8. 0-0 exd4 9. Nxd4 g6 10. Nd5 Bg7 11. Nb5 Bxd5 12. exd5 0-0 13. Nd4 Nc5 14. Bc2 Re8 15. b4 Na6 16. a3 Qc8 17. f5 c5 18. dxc6 d5 19. Bb2 Nc7 20. fxg6 fxg6 21. Nb5 Nxb5 22. cxb5 Qe6 23. Qd3 Qd6 24. Bb3 Kh8 25. Rad1 Rad8 26. Qg3 Qe6 27. Rde1 Ne4 28. Bxg7+ Kxg7 29. Qc7+ Kg8 30. Rf4 Qd6 31. Qxd6 Nxd6 32. Bxd5+ Kg7 33. Rxe8 Rxe8 34. a4 Re1+ 35. Kf2 Rc1 36. Ke2 g5 37. Kd2 Rxc6 38. bxc6 gxf4 39. c7 1-0

[Event "Gorodets-ch"]
[Site "Gorodets"]
[Date "2014.12.14"]
[Round "2"]
[White "Kuznetsov, Stanislav"]
[Black "Leukhin, Mikhail"]
[Result "1/2-1/2"]
[WhiteElo "2078"]
[BlackElo "1945"]
[PlyCount "28"]
[EventDate "2014.12.13"]
[EventType "swiss"]
[EventRounds "9"]
[EventCountry "RUS"]
[SourceTitle "CBM 164 Extra"]
[Source "ChessBase"]
[SourceDate "2015.03.02"]
[SourceVersion "1"]
[SourceVersionDate "2015.03.02"]
[SourceQuality "1"]

1. c4 e5 2. Nc3 Bc5 3. Nf3 Nc6 4. e3 d6 5. d4 exd4 6. exd4 Bb4 7. Be2 Bg4 8. 0-0 Bxc3 9. bxc3 Nge7 10. h3 Bh5 11. d5 Bxf3 12. Bxf3 Ne5 13. Be2 f5 14. f4 Nd7 1/2-1/2

[Event "Gorodets-ch"]
[Site "Gorodets"]
[Date "2011.12.16"]
[Round "11"]
[White "Konyaev, Anatoly"]
[Black "Kuznetsov, Stanislav"]
[Result "1-0"]
[WhiteElo "2021"]
[BlackElo "2030"]
[PlyCount "73"]
[EventDate "2011.12.06"]
[EventType "tourn"]
[EventRounds "13"]
[EventCountry "RUS"]
[SourceTitle "EXT 2023"]
[Source "ChessBase"]
[SourceDate "2022.10.05"]
[SourceVersion "1"]
[SourceVersionDate "2022.10.05"]
[SourceQuality "1"]

1. Nf3 Nf6 2. d4 g6 3. g3 d5 4. Bg2 Bg7 5. 0-0 0-0 6. Nbd2 c5 7. c3 b6 8. Re1 Nc6 9. Nb3 c4 10. Nbd2 Bf5 11. Nh4 Bg4 12. Nxc4 Rc8 13. Ne5 Be6 14. Nxc6 Rxc6 15. Qa4 Qd7 16. Nf3 Ne4 17. Nd2 f5 18. Nf3 Bf7 19. Bf4 Qb7 20. Ne5 Bxe5 21. Bxe5 Be8 22. Qd1 g5 23. f3 Nf6 24. Qd2 h6 25. f4 Ne4 26. Bxe4 dxe4 27. fxg5 Rg6 28. gxh6 Kh7 29. Bf4 Qd5 30. e3 Bb5 31. b3 Bd3 32. Rac1 Rfg8 33. c4 Qd7 34. c5 bxc5 35. Rxc5 Qe8 36. Rxf5 e6 37. Rc5 1-0

[Event "Gorodets-ch"]
[Site "Gorodets"]
[Date "2011.12.13"]
[Round "8"]
[White "Kuznetsov, Stanislav"]
[Black "Kudryashov, Oleg"]
[Result "1-0"]
[WhiteElo "2030"]
[BlackElo "1931"]
[PlyCount "35"]
[EventDate "2011.12.06"]
[EventType "tourn"]
[EventRounds "13"]
[EventCountry "RUS"]
[SourceTitle "EXT 2023"]
[Source "ChessBase"]
[SourceDate "2022.10.05"]
[SourceVersion "1"]
[SourceVersionDate "2022.10.05"]
[SourceQuality "1"]

1. c4 c5 2. Nf3 Nf6 3. e3 b6 4. d4 cxd4 5. exd4 g6 6. Nc3 Bg7 7. Be2 d6 8. Ng5 Bb7 9. Bf3 Bxf3 10. Qxf3 Nbd7 11. Nd5 0-0 12. Qh3 Rc8 13. 0-0 Rxc4 14. Ne6 Qe8 15. Nxg7 Kxg7 16. Bh6+ Kg8 17. Nxf6+ Nxf6 18. Bxf8 1-0

[Event "Gorodets-ch"]
[Site "Gorodets"]
[Date "2011.12.11"]
[Round "6"]
[White "Kuznetsov, Stanislav"]
[Black "Dmitrievsky, Alexander"]
[Result "1-0"]
[WhiteElo "2030"]
[BlackElo "1896"]
[PlyCount "75"]
[EventDate "2011.12.06"]
[EventType "tourn"]
[EventRounds "13"]
[EventCountry "RUS"]
[SourceTitle "EXT 2023"]
[Source "ChessBase"]
[SourceDate "2022.10.05"]
[SourceVersion "1"]
[SourceVersionDate "2022.10.05"]
[SourceQuality "1"]

1. c4 Nf6 2. Nc3 g6 3. e4 d6 4. d4 c5 5. Nf3 Bg7 6. Be2 0-0 7. 0-0 Nc6 8. h3 Nd7 9. Be3 Re8 10. Qd2 cxd4 11. Nxd4 Nde5 12. f4 Nxd4 13. Bxd4 Nc6 14. Bxg7 Kxg7 15. Nd5 e6 16. Qc3+ f6 17. Ne3 e5 18. Nd5 Be6 19. fxe5 dxe5 20. Nxf6 Rf8 21. Nd5 Nd4 22. Bf3 Rc8 23. Qd3 Qg5 24. Kh1 Qg3 25. Be2 Qh4 26. Rxf8 Rxf8 27. Rf1 Rf2 28. Bd1 h5 29. Kg1 Rxb2 30. Qa3 Bxd5 31. cxd5 Rxg2+ 32. Kxg2 Qxe4+ 33. Bf3 Qh4 34. d6 Nf5 35. Rf2 Qg3+ 36. Kf1 e4 37. d7 exf3 38. d8Q 1-0

[Event "Gorodets-ch"]
[Site "Gorodets"]
[Date "2011.12.07"]
[Round "2"]
[White "Kuznetsov, Stanislav"]
[Black "Kalugin, Alexander"]
[Result "1/2-1/2"]
[WhiteElo "2030"]
[BlackElo "2100"]
[PlyCount "114"]
[EventDate "2011.12.06"]
[EventType "tourn"]
[EventRounds "13"]
[EventCountry "RUS"]
[SourceTitle "EXT 2023"]
[Source "ChessBase"]
[SourceDate "2022.10.05"]
[SourceVersion "1"]
[SourceVersionDate "2022.10.05"]
[SourceQuality "1"]

1. c4 Nf6 2. Nc3 g6 3. e4 d6 4. d4 Bg7 5. h3 0-0 6. Nf3 e5 7. dxe5 dxe5 8. Qxd8 Rxd8 9. Bg5 Re8 10. Be2 h6 11. Bh4 c6 12. 0-0 g5 13. Bg3 Nh5 14. Nd2 Nf4 15. Bxf4 exf4 16. Bg4 Nd7 17. Rfd1 Ne5 18. Bxc8 Raxc8 19. Rac1 Nd3 20. Rc2 Nxb2 21. Rb1 Nd3 22. Rxb7 Bd4 23. Nb3 Bb6 24. Na4 Rxe4 25. Nxb6 axb6 26. Rxb6 Re1+ 27. Kh2 Rf1 28. g3 f3 29. Nd4 Ne5 30. Rbb2 Rd8 31. Nxf3 Nxf3+ 32. Kg2 Nd2 33. Rxd2 Rxd2 34. Rxd2 Rc1 35. a4 Ra1 36. Rd8+ Kg7 37. Rc8 Rxa4 38. Rxc6 Ra3 39. Kf1 Rc3 40. Ke2 f5 41. Kd2 Rf3 42. Ke2 Rc3 43. c5 h5 44. Rc8 h4 45. gxh4 gxh4 46. f3 Kf6 47. c6 Ke5 48. Kd2 Rc5 49. Kd3 Kf4 50. Kd4 Rc1 51. Kd5 Kxf3 52. Rg8 f4 53. Rg4 Ke3 54. Rxh4 f3 55. Re4+ Kf2 56. Rc4 Rxc4 57. Kxc4 Kg3 1/2-1/2

[Event "Gorodets-ch"]
[Site "Gorodets"]
[Date "2011.04.17"]
[Round "9"]
[White "Kuznetsov, Stanislav"]
[Black "Leukhin, Mikhail"]
[Result "1/2-1/2"]
[WhiteElo "2034"]
[BlackElo "2006"]
[PlyCount "26"]
[EventDate "2011.04.09"]
[EventType "swiss"]
[EventRounds "9"]
[EventCountry "RUS"]
[SourceTitle "CBM 142 Extra"]
[Source "ChessBase"]
[SourceDate "2011.06.27"]
[SourceVersion "1"]
[SourceVersionDate "2011.06.27"]
[SourceQuality "1"]

1. c4 e5 2. Nc3 d6 3. g3 Nc6 4. Bg2 g6 5. Nf3 Bg7 6. 0-0 Nf6 7. d3 h6 8. b3 0-0 9. Bb2 Bg4 10. Qd2 Qd7 11. Rad1 Bh3 12. Bxh3 Qxh3 13. e3 Qd7 1/2-1/2

[Event "Gorodets-ch"]
[Site "Gorodets"]
[Date "2011.04.15"]
[Round "7"]
[White "Kalugin, Alexander"]
[Black "Kuznetsov, Stanislav"]
[Result "1/2-1/2"]
[WhiteElo "2120"]
[BlackElo "2034"]
[PlyCount "135"]
[EventDate "2011.04.09"]
[EventType "swiss"]
[EventRounds "9"]
[EventCountry "RUS"]
[SourceTitle "CBM 142 Extra"]
[Source "ChessBase"]
[SourceDate "2011.06.27"]
[SourceVersion "1"]
[SourceVersionDate "2011.06.27"]
[SourceQuality "1"]

1. e4 c6 2. Nc3 d5 3. Nf3 Bg4 4. exd5 cxd5 5. h3 Bh5 6. g4 Bg6 7. Bb5+ Nc6 8. Ne5 Rc8 9. d4 e6 10. Qe2 Bb4 11. h4 Nge7 12. h5 Be4 13. 0-0 0-0 14. Bxc6 Nxc6 15. Nxc6 Rxc6 16. Nxe4 dxe4 17. c3 Ba5 18. Qxe4 f5 19. Qg2 fxg4 20. Qxg4 Rf5 21. Be3 Bc7 22. f4 Qf6 23. Rf3 Qf7 24. Kf2 Rxh5 25. Rg1 Rh2+ 26. Rg2 Rxg2+ 27. Kxg2 Bd8 28. Rg3 Rb6 29. Bc1 Rb5 30. Re3 Rf5 31. Qe2 Qg6+ 32. Rg3 Qf6 33. Qe4 Qf7 34. Rf3 Bh4 35. b3 h5 36. c4 Kh8 37. a4 Qg6+ 38. Kf1 Qg4 39. d5 e5 40. d6 exf4 41. d7 Re5 42. d8Q+ Bxd8 43. Qxf4 Ba5 44. Qxg4 hxg4 45. Re3 Rf5+ 46. Kg2 Bb6 47. Rd3 Kh7 48. Ba3 Kg6 49. Rd7 Kh5 50. Rxg7 Rf2+ 51. Kg3 Ra2 52. Bd6 Bg1 53. Rh7+ Kg6 54. Rh1 Ra1 55. Kxg4 Bd4 56. Rxa1 Bxa1 57. b4 Kf6 58. Kf4 Ke6 59. Bb8 a6 60. Ke4 Bc3 61. b5 axb5 62. axb5 Bb2 63. c5 Bf6 64. Bc7 Bh4 65. Kd4 Bf2+ 66. Kc4 Kd7 67. Bf4 Be1 68. Kd5 1/2-1/2

[Event "Gorodets-ch"]
[Site "Gorodets"]
[Date "2010.12.11"]
[Round "12"]
[White "Kudryashov, Oleg"]
[Black "Kuznetsov, Stanislav"]
[Result "1-0"]
[WhiteElo "1932"]
[BlackElo "2082"]
[PlyCount "79"]
[EventDate "2010.11.30"]
[EventType "tourn"]
[EventRounds "12"]
[EventCountry "RUS"]
[SourceTitle "EXT 2022"]
[Source "ChessBase"]
[SourceDate "2021.10.06"]
[SourceVersion "1"]
[SourceVersionDate "2021.10.06"]
[SourceQuality "1"]

1. Nf3 Nf6 2. g3 b6 3. Bg2 Bb7 4. d4 c5 5. 0-0 cxd4 6. Qxd4 Nc6 7. Qd1 e6 8. b3 d5 9. Bb2 Be7 10. Nbd2 Rc8 11. e3 0-0 12. c4 Nb4 13. Bd4 Ba6 14. Ne5 Nd7 15. a3 Nxe5 16. axb4 Bxc4 17. bxc4 Nc6 18. cxd5 exd5 19. b5 Nxd4 20. exd4 Qd7 21. Qb3 Rfd8 22. Nf3 Bf6 23. Rfe1 Rc4 24. Rac1 Rdc8 25. Rcd1 Rc3 26. Qb1 R8c4 27. Ne5 Bxe5 28. Rxe5 Qc8 29. Ree1 Qd7 30. Bxd5 Rc8 31. Bc6 R8xc6 32. bxc6 Rxc6 33. d5 Rd6 34. Qe4 g6 35. Qe8+ Qxe8 36. Rxe8+ Kg7 37. Ra8 a5 38. Ra6 Kf6 39. Rb1 Ke5 40. Raxb6 1-0

[Event "Gorodets-ch"]
[Site "Gorodets"]
[Date "2010.12.10"]
[Round "11"]
[White "Kuznetsov, Stanislav"]
[Black "Kalugin, Alexander"]
[Result "0-1"]
[WhiteElo "2082"]
[BlackElo "2115"]
[PlyCount "56"]
[EventDate "2010.11.30"]
[EventType "tourn"]
[EventRounds "12"]
[EventCountry "RUS"]
[SourceTitle "EXT 2022"]
[Source "ChessBase"]
[SourceDate "2021.10.06"]
[SourceVersion "1"]
[SourceVersionDate "2021.10.06"]
[SourceQuality "1"]

1. c4 Nf6 2. Nc3 g6 3. g3 Bg7 4. Bg2 0-0 5. d4 d6 6. Nf3 Nc6 7. d5 Na5 8. Qd3 c5 9. 0-0 a6 10. e4 Rb8 11. Be3 b5 12. cxb5 axb5 13. Nxb5 c4 14. Qc3 Rxb5 15. a4 Rb8 16. Bd2 Nb3 17. Ra3 Nxe4 18. Qc2 Nexd2 19. Nxd2 Nxd2 20. Qxd2 Rxb2 21. Qf4 c3 22. a5 Ba6 23. Rc1 Qb8 24. Qe4 Qa7 25. Qf3 Bd4 26. Rf1 Bxf1 27. Bxf1 Rxf2 28. Qh1 Re2# 0-1

[Event "Gorodets-ch"]
[Site "Gorodets"]
[Date "2009.12.20"]
[Round "8"]
[White "Kuznetsov, Stanislav"]
[Black "Nenaezdnikov, Vladimir"]
[Result "0-1"]
[WhiteElo "2150"]
[BlackElo "2137"]
[PlyCount "90"]
[EventDate "2009.12.13"]
[EventType "tourn"]
[EventRounds "12"]
[EventCountry "RUS"]
[SourceTitle "EXT 2022"]
[Source "ChessBase"]
[SourceDate "2021.10.06"]
[SourceVersion "1"]
[SourceVersionDate "2021.10.06"]
[SourceQuality "1"]

1. c4 Nf6 2. Nc3 g6 3. g3 Bg7 4. Bg2 0-0 5. Nf3 Nc6 6. d4 d6 7. 0-0 e5 8. dxe5 Nxe5 9. Nxe5 dxe5 10. Bg5 Qxd1 11. Rfxd1 c6 12. Rd6 Be6 13. Rad1 h6 14. Bxf6 Bxf6 15. Bh3 Bxh3 16. Rxf6 Be6 17. b3 Rfd8 18. Rf3 Rxd1+ 19. Nxd1 Bg4 20. Re3 Rd8 21. Nc3 f6 22. Rd3 Rd4 23. Kf1 Bf5 24. Rxd4 exd4 25. Na4 Bb1 26. a3 Ba2 27. Nc5 b6 28. Nd3 Bxb3 29. c5 Kf7 30. Ke1 Bc4 31. Nb4 Bb5 32. cxb6 axb6 33. Kd2 Ke6 34. Nc2 c5 35. e3 Ba4 36. Ne1 Kd5 37. Nf3 dxe3+ 38. Kxe3 Kc4 39. Nd2+ Kc3 40. Ne4+ Kb2 41. Nxf6 c4 42. Nd5 c3 43. Nb4 Bb5 44. a4 Bxa4 45. Nd3+ Kb1 0-1

[Event "Gorodets-ch"]
[Site "Gorodets"]
[Date "2009.12.16"]
[Round "4"]
[White "Tishin, Alexey"]
[Black "Kuznetsov, Stanislav"]
[Result "1/2-1/2"]
[WhiteElo "2055"]
[BlackElo "2150"]
[PlyCount "88"]
[EventDate "2009.12.13"]
[EventType "tourn"]
[EventRounds "12"]
[EventCountry "RUS"]
[SourceTitle "EXT 2022"]
[Source "ChessBase"]
[SourceDate "2021.10.06"]
[SourceVersion "1"]
[SourceVersionDate "2021.10.06"]
[SourceQuality "1"]

1. e4 c6 2. c4 d5 3. cxd5 cxd5 4. exd5 Nf6 5. Nf3 Nxd5 6. Nc3 a6 7. Bc4 e6 8. a4 Qa5 9. 0-0 Nxc3 10. dxc3 b5 11. b4 Qc7 12. Be2 bxa4 13. Qxa4+ Bd7 14. Qb3 Bc6 15. b5 Bd5 16. c4 axb5 17. Rxa8 Bxa8 18. cxb5 Bd5 19. Qb2 Nd7 20. Be3 Nb6 21. Rc1 Qb7 22. Bxb6 Qxb6 23. Rc8+ Kd7 24. Qc2 f6 25. Rc3 Bb4 26. Rd3 Rc8 27. Qb1 Bc5 28. Qe1 Ke7 29. Rd1 Kf7 30. h3 g5 31. Nh2 Qb7 32. Nf3 h5 33. Qf1 g4 34. Nd4 gxh3 35. Bxh5+ Ke7 36. Nc6+ Kd6 37. Qd3 Rg8 38. Qxh3 Qxb5 39. Bf7 Qe2 40. Rxd5+ exd5 41. Bxg8 Bxf2+ 42. Kh2 Qe1 43. Qa3+ Kxc6 44. Qa8+ Kb6 1/2-1/2

[Event "Gorodets-ch"]
[Site "Gorodets"]
[Date "2009.12.15"]
[Round "3"]
[White "Kuznetsov, Stanislav"]
[Black "Leukhin, Pavel"]
[Result "1/2-1/2"]
[WhiteElo "2150"]
[BlackElo "1970"]
[PlyCount "108"]
[EventDate "2009.12.13"]
[EventType "tourn"]
[EventRounds "12"]
[EventCountry "RUS"]
[SourceTitle "EXT 2022"]
[Source "ChessBase"]
[SourceDate "2021.10.06"]
[SourceVersion "1"]
[SourceVersionDate "2021.10.06"]
[SourceQuality "1"]

1. c4 e5 2. Nc3 Nf6 3. Nf3 Nc6 4. e3 d5 5. cxd5 Nxd5 6. Bc4 Nxc3 7. bxc3 Bg4 8. Qb3 Qd7 9. Bxf7+ Qxf7 10. Qxb7 Bxf3 11. Qxa8+ Kd7 12. gxf3 Qxf3 13. Rf1 g6 14. Qb7 Bd6 15. d3 Re8 16. Qb5 h5 17. Qa4 g5 18. Qe4 Qf7 19. Ke2 g4 20. c4 Nd4+ 21. Kd1 Nf3 22. Qd5 Qxd5 23. cxd5 Nxh2 24. Rh1 e4 25. Ke2 h4 26. Bd2 Nf3 27. dxe4 Rxe4 28. Bc3 Rc4 29. Kd3 Rxc3+ 30. Kxc3 Be5+ 31. Kd3 Bxa1 32. Rxa1 Kd6 33. Ke4 a5 34. Rc1 Ne5 35. Rc3 a4 36. Rc2 a3 37. Rc1 h3 38. Rc3 h2 39. Rc1 Nf3 40. Rh1 Kc5 41. Kf4 Kxd5 42. Kxg4 Ke4 43. Kg3 c5 44. Kg2 c4 45. Rc1 Nd2 46. Rc3 Kd5 47. Rxa3 Nb1 48. Ra5+ Ke4 49. Rb5 Na3 50. Ra5 Nb1 51. Rc5 Kd3 52. a4 c3 53. a5 Nd2 54. Rxc3+ Kxc3 1/2-1/2

[Event "Gorodets-ch"]
[Site "Gorodets"]
[Date "2009.01.09"]
[Round "8"]
[White "Kochnev, Victor"]
[Black "Kuznetsov, Stanislav"]
[Result "0-1"]
[WhiteElo "2208"]
[BlackElo "2090"]
[PlyCount "76"]
[EventDate "2009.01.02"]
[EventType "tourn"]
[EventRounds "13"]
[EventCountry "RUS"]
[SourceTitle "EXT 2022"]
[Source "ChessBase"]
[SourceDate "2021.10.06"]
[SourceVersion "1"]
[SourceVersionDate "2021.10.06"]
[SourceQuality "1"]

1. e4 c6 2. Nc3 d5 3. Nf3 Bg4 4. h3 Bh5 5. g4 dxe4 6. gxh5 exf3 7. Qxf3 g6 8. Bc4 Nf6 9. hxg6 hxg6 10. d3 Nbd7 11. Bf4 Qa5 12. Bb3 Bh6 13. Bxh6 Rxh6 14. 0-0-0 e6 15. Ne4 Nxe4 16. dxe4 Qg5+ 17. Kb1 Qf6 18. Qe3 Rh4 19. Rd2 Nb6 20. c4 Qf4 21. Qxf4 Rxf4 22. Rhd1 Rxe4 23. Rd4 Rxd4 24. Rxd4 Rd8 25. Rxd8+ Kxd8 26. Kc2 Kd7 27. Kd3 Kd6 28. Bd1 Kc5 29. b3 Kb4 30. h4 Ka3 31. h5 gxh5 32. Bxh5 f6 33. Bf7 Nd7 34. Kd4 c5+ 35. Ke4 Kxa2 36. Bxe6 Nf8 37. Bd5 Kxb3 38. Bxb7 a5 0-1

[Event "Gorodets-ch"]
[Site "Gorodets"]
[Date "2009.01.07"]
[Round "6"]
[White "Kalugin, Alexander"]
[Black "Kuznetsov, Stanislav"]
[Result "0-1"]
[WhiteElo "2016"]
[BlackElo "2090"]
[PlyCount "54"]
[EventDate "2009.01.02"]
[EventType "tourn"]
[EventRounds "13"]
[EventCountry "RUS"]
[SourceTitle "EXT 2022"]
[Source "ChessBase"]
[SourceDate "2021.10.06"]
[SourceVersion "1"]
[SourceVersionDate "2021.10.06"]
[SourceQuality "1"]

1. c4 Nf6 2. Nc3 d5 3. cxd5 Nxd5 4. g3 g6 5. Bg2 Nxc3 6. bxc3 Bg7 7. Rb1 Nd7 8. Nf3 0-0 9. 0-0 Nb6 10. Qc2 Bd7 11. d3 c5 12. Ba3 Qc7 13. Rfc1 Na4 14. d4 cxd4 15. Nxd4 Rab8 16. Bxe7 Rfc8 17. e3 Nxc3 18. Ra1 Bxd4 19. exd4 Ne2+ 20. Qxe2 Qxc1+ 21. Rxc1 Rxc1+ 22. Bf1 Bh3 23. d5 Rxf1+ 24. Qxf1 Bxf1 25. Kxf1 f5 26. Bb4 Rd8 27. d6 Kf7 0-1

[Event "Gorodets-ch"]
[Site "Gorodets"]
[Date "2009.01.06"]
[Round "5"]
[White "Kuznetsov, Stanislav"]
[Black "Isakichev, Yuri"]
[Result "1/2-1/2"]
[WhiteElo "2090"]
[BlackElo "2110"]
[PlyCount "82"]
[EventDate "2009.01.02"]
[EventType "tourn"]
[EventRounds "13"]
[EventCountry "RUS"]
[SourceTitle "EXT 2022"]
[Source "ChessBase"]
[SourceDate "2021.10.06"]
[SourceVersion "1"]
[SourceVersionDate "2021.10.06"]
[SourceQuality "1"]

1. c4 e5 2. Nc3 d6 3. g3 g6 4. Bg2 Bg7 5. Nf3 f5 6. d4 e4 7. Ng5 Nf6 8. 0-0 0-0 9. f3 exf3 10. exf3 h6 11. Nh3 c6 12. Re1 Re8 13. d5 cxd5 14. Nxd5 Rxe1+ 15. Qxe1 Nxd5 16. cxd5 Na6 17. Nf4 Qf6 18. Bd2 Qf7 19. Bc3 g5 20. Bxg7 Kxg7 21. Ne6+ Bxe6 22. dxe6 Qf6 23. f4 Nc5 24. fxg5 hxg5 25. Qd2 Rd8 26. Re1 Kg6 27. Bd5 Re8 28. b4 Ne4 29. Qe3 Nc3 30. Bxb7 Re7 31. Ba6 Nxa2 32. Qd2 Rxe6 33. Rf1 Nc3 34. Qd3 Ne2+ 35. Kh1 Nd4 36. g4 Qe5 37. gxf5+ Nxf5 38. Bc8 Rf6 39. Bxf5+ Rxf5 40. Rxf5 Qxf5 41. Qxd6+ Qf6 1/2-1/2